[Event "GRE-chT 52nd"]
[Site "Loutraki"]
[Date "2025.07.01"]
[Round "4.79"]
[White "Lampos, Charalampos"]
[Black "Kritikos, Gerasimos I"]
[Result "1-0"]
[WhiteElo "1877"]
[BlackElo "1464"]
[PlyCount "89"]
[EventDate "2025.06.28"]
[EventType "team-swiss"]
[EventRounds "7"]
[EventCountry "GRE"]
[SourceTitle "CB28_2025"]
[SourceDate "2025.07.09"]
[SourceVersion "1"]
[SourceVersionDate "2025.07.09"]
[SourceQuality "1"]
[WhiteTeam "Panionios YS"]
[BlackTeam "Kerkeras"]
[WhiteTeamCountry "GRE"]
[BlackTeamCountry "GRE"]

1. d4 d5 2. c4 c6 3. Nc3 e5 4. cxd5 cxd5 5. dxe5 d4 6. Ne4 Qa5+ 7. Nd2 Nc6 8. Ngf3 Nxe5 9. Nxe5 Qxe5 10. Nf3 Qa5+ 11. Bd2 Bb4 12. Bxb4 Qxb4+ 13. Qd2 Qxd2+ 14. Kxd2 Nf6 15. Nxd4 0-0 16. e3 Rd8 17. Bd3 Ng4 18. Ke2 Ne5 19. Be4 Bg4+ 20. f3 Bh5 21. Rac1 Bg6 22. Bxg6 hxg6 23. Rc7 Rd7 24. Rhc1 Rad8 25. h3 Nc6 26. Rxd7 Rxd7 27. Nxc6 bxc6 28. Rxc6 Rb7 29. b3 Kf8 30. Kd3 Rd7+ 31. Kc3 Ke7 32. b4 Kd8 33. a4 Re7 34. e4 Kd7 35. b5 Re5 36. Kd4 Re8 37. Ra6 Rd8 38. Rxa7+ Kd6 39. Ra6+ Kc7+ 40. Kc5 Rd2 41. Ra7+ Kb8 42. Rxf7 Rxg2 43. Kb6 Kc8 44. a5 Ra2 45. a6 1-0